[Event "Asia Club-ch Hybrid"]
[Site "Tornelo INT"]
[Date "2021.11.06"]
[Round "4.4"]
[White "Mohammadi, Maryam"]
[Black "Tan, Yong Zhao Edwin"]
[Result "1/2-1/2"]
[WhiteElo "1163"]
[BlackElo "1253"]
[PlyCount "76"]
[EventDate "2021.11.03"]
[EventType "team-swiss"]
[EventRounds "9"]
[EventCountry "NET"]
[SourceTitle "CBM 205 Extra"]
[Source "ChessBase"]
[SourceDate "2022.01.31"]
[SourceVersion "1"]
[SourceVersionDate "2022.01.31"]
[SourceQuality "1"]
[WhiteTeam "Pishgam Novin"]
[BlackTeam "Lion City Meetup"]
[WhiteTeamCountry "IRI"]
[BlackTeamCountry "SIN"]

1. d4 d5 2. c4 e6 3. Nc3 Nf6 4. Nf3 b6 5. cxd5 Nxd5 6. e4 Nxc3 7. bxc3 Bb7 8. Qa4+ Nc6 9. Bb5 Qd6 10. Bf4 e5 11. Bxe5 Qg6 12. d5 Qxg2 13. Bxc6+ Kd8 14. Bxc7+ Kxc7 15. 0-0-0 Qxf3 16. c4 Qc3+ 17. Kb1 Qb4+ 18. Qxb4 Bxb4 19. Bxb7 Kxb7 20. Rhg1 g6 21. e5 Rhe8 22. f4 Rad8 23. Rd3 Bf8 24. Rb3 Kc8 25. Rc1 g5 26. Rf1 gxf4 27. Rxf4 Rxe5 28. Rxf7 Re1+ 29. Kb2 Re2+ 30. Kb1 Rxh2 31. Rxa7 Kb8 32. Ra5 Re8 33. Rxb6+ Kc7 34. Rc6+ Kb7 35. Rb5+ Ka7 36. Ra5+ Kb7 37. Rb5+ Ka7 38. Ra5+ Kb7 1/2-1/2